00466nam a22001097a 4500008004100000040005500041080001200096245016900108260004900277300001400326650001600340230428b |||||||| |||| 00| 0 eng d aNational Science LibrarycNational Science Library a539(05) aNuclear physics and solid state physics symposiumc/ Proceedings of the nuclear........................................Nuclear physics, Calcutta 8-13 February, 1965 aIndia: bDepartment of Atomic Energy, c1965 avi, 371p. aProceedings